Fiskální politika
Saved in:
| Main Author: | |
|---|---|
| Format: | Book |
| Language: | Czech |
| Published: |
Praha
Vysoká škola ekonomická. Nakladatelství Oeconomica
2005
|
| Subjects: | |
| Tags: |
No Tags, Be the first to tag this record!
|
MARC
| LEADER | 00000nam$a2200000$$$4500 | ||
|---|---|---|---|
| 001 | 0054047 | ||
| 005 | 20240306141403.2 | ||
| 020 | |a 80-245-0976-8 | ||
| 041 | 0 | |a cze | |
| 044 | |a CZ | ||
| 245 | 1 | 0 | |a Fiskální politika |c Vratislav Izák |
| 264 | 1 | |a Praha |b Vysoká škola ekonomická. Nakladatelství Oeconomica |c 2005 | |
| 300 | |a 209 s. | ||
| 610 | 2 | 0 | |a politika fiškálna |
| 610 | 2 | 0 | |a modely |
| 610 | 2 | 0 | |a modelovanie ekonometrické |
| 610 | 2 | 0 | |a štúdie prípadové |
| 610 | 2 | 0 | |a politika menová |
| 610 | 2 | 0 | |a trh práce |
| 610 | 2 | 0 | |a teórie ekonomické |
| 610 | 2 | 0 | |a hospodárstvo otvorené |
| 610 | 2 | 0 | |a úspory |
| 610 | 2 | 0 | |a dlhy |
| 610 | 2 | 0 | |a deficit |
| 610 | 2 | 0 | |a akumulácia kapitálu |
| 610 | 2 | 0 | |a kríza finančná |
| 610 | 2 | 0 | |a miera inflácie |
| 610 | 2 | 0 | |a rozpočty |
| 610 | 2 | 0 | |a ponuka |
| 610 | 2 | 0 | |a cykly hospodárske |
| 610 | 2 | 0 | |a príjmy |
| 610 | 2 | 0 | |a výdavky |
| 610 | 2 | 0 | |a Česko |
| 100 | 1 | |a Izák, Vratislav | |